Star Wars Galactic Republic Vehicles - Statistics

General Stats
  • This quiz has been taken 50 times
  • The average score is 9 of 35
Answer Stats
Hint Answer % Correct
Star Destroyer Venator-Class Star Destroyer
91%
Walker Tank AT-TE
71%
Bomber BLT-B Y-Wing Starfighter
63%
Recon Walker AT-RT
60%
Assault Ship Acclamator-Class Assault Ship
54%
Fighter-Bomber ARC-170 Starfighter
54%
Gunship/Troop Transport LAAT Gunship
51%
Interceptor Nimbus-Class V-Wing
51%
Transport AT-OT
37%
Starfighter Z-95 Headhunter
37%
Heavy Assault Vehicle HAVw A6 Juggernaut
34%
Starfighter V-19 Torrent Starfighter
34%
Speeder BARC Speeder
31%
Light Cruiser Consular-Class Light Cruiser
29%
Self Propelled Artillery Walker AT-AP
26%
Jedi Starfighter ETA-2 Actis-Class Light Interceptor
26%
Light Cruiser Arquitens-Class Light Cruiser
23%
Fighter Tank TX-130 Saber-Class Fighter Tank
20%
Frigate Pelta-Class Frigate
17%
Artillery Cannon AV-7 Anti Vehicle Cannon
14%
Transport/Assault Vehicle UT-AT
14%
Assault Tank RX-200 Falchion-Class Assault Tank
11%
Self Propelled Heavy Artillery SPHA-T
11%
Star Destroyer Victory-Class Star Destroyer
11%
Experimental Walker AT-XT
9%
Frigate Charger C-70 Frigate
9%
Hover Tank Clone Hover Tank
9%
Jedi Starfighter Delta-7 Aethersprite-Class Starfighter
9%
Snowspeeder CK-6 Swoopbike
6%
Stealth Corvette IPV-2C Stealth Corvette
6%
Assault Submarine One Man Submersible Devilfish
6%
IFC Republic Swamp Speeder
6%
Light Cruiser Carrack-Class Light Cruiser
3%
Troop Transport CR-20 Troop Transport
3%
Troop Transport CR-40 Troop Transport
3%
No matching quizzes found
Score Distribution
Percent of People with Each Score
Percentile by Number Answered
Your Score History
You have not taken this quiz